Loading...
| Fine Arts - Classical Music | 4 | 15.00 | 75% | 50% | 25% |
| Fine Arts - Other | 4 | 10.00 | 75% | 25% | 0% |
| Fine Arts - Painting and Sculpture | 4 | 12.50 | 75% | 25% | 25% |
| History - American | 4 | 15.00 | 100% | 50% | 0% |
| History - European | 6 | 15.00 | 100% | 33% | 17% |
| History - Other | 2 | 5.00 | 50% | 0% | 0% |
| History - World | 5 | 6.00 | 60% | 0% | 0% |
| Literature - American | 5 | 20.00 | 100% | 100% | 0% |
| Literature - British | 2 | 15.00 | 100% | 50% | 0% |
| Literature - European | 3 | 13.33 | 100% | 33% | 0% |
| Literature - World | 3 | 20.00 | 100% | 67% | 33% |
| Mythology | 4 | 5.00 | 50% | 0% | 0% |
| Other Academic | 1 | 10.00 | 100% | 0% | 0% |
| Philosophy | 4 | 10.00 | 75% | 25% | 0% |
| Pop Culture | 2 | 20.00 | 100% | 50% | 50% |
| Religion | 3 | 6.67 | 67% | 0% | 0% |
| Science - Biology | 2 | 15.00 | 100% | 50% | 0% |
| Science - Chemistry | 4 | 12.50 | 100% | 25% | 0% |
| Science - Other | 4 | 7.50 | 75% | 0% | 0% |
| Science - Physics | 3 | 10.00 | 67% | 33% | 0% |
| Social Science | 2 | 5.00 | 50% | 0% | 0% |